[Event "45. Open de Mislata 2011 - Grupo B"]
[Site "Mislata ESP"]
[Date "2011.08.18"]
[Round "5.10"]
[White "Martinez Villena, David"]
[Black "Garcia Martinez, Cesar"]
[Result "1/2-1/2"]
[WhiteElo "1990"]
[BlackElo "2005"]
[PlyCount "122"]
[EventDate "2011.08.15"]
[EventType "swiss"]
[EventRounds "9"]
[EventCountry "ESP"]
[Source "lmi"]
[SourceDate "2011.08.15"]

1. e4 e5 2. d4 exd4 3. Nf3 d6 4. Nxd4 Bd7 5. Bc4 Nf6 6. Nc3 Nc6 7. O-O Be7 8.
f4 O-O 9. b3 a6 10. a4 Rb8 11. Bb2 Nxd4 12. Qxd4 c5 13. Qd3 Bc6 14. Rae1 Ne8
15. Rd1 Nc7 16. Qg3 Ne8 17. Nd5 b5 18. axb5 axb5 19. Nxe7+ Qxe7 20. Bd5 Bxd5
21. exd5 f6 22. Rfe1 Qd7 23. Ra1 Rf7 24. Qf3 Qf5 25. Re2 Nc7 26. Rd1 h5 27. h3
h4 28. Bc3 g5 29. Ba5 Kg7 30. Bxc7 Rxc7 31. Re6 c4 32. b4 c3 33. Qe2 Qxf4 34.
Rf1 Qd4+ 35. Kh1 Rf7 36. Rxd6 Rbb7 37. Rd8 Qc4 38. Qf3 Rb6 39. d6 Ra6 40. d7
Rd6 41. Rd1 Qc7 42. Rxd6 Qxd6 43. Qxc3 Rxd7 44. Rxd7+ Qxd7 45. Qc5 Qd1+ 46. Kh2
Qe2 47. c3 Kg6 48. Qc6 Kf5 49. Qd7+ Kg6 50. Qc6 Qe5+ 51. Kh1 Qe2 52. Kh2 Qf1
53. Qd7 Qc4 54. Kh1 f5 55. Qe8+ Kf6 56. Qh8+ Ke7 57. Qg7+ Kd6 58. Qf6+ Qe6 59.
Qd4+ Qd5 60. Qb6+ Ke5 61. Qe3+ Kf6 1/2-1/2

[Event "45. Open de Mislata 2011 - Grupo B"]
[Site "Mislata ESP"]
[Date "2011.08.18"]
[Round "6.1"]
[White "Segarra Martinez, Axel"]
[Black "Remolar Gallen, Jose"]
[Result "1-0"]
[WhiteElo "2081"]
[BlackElo "2068"]
[PlyCount "65"]
[EventDate "2011.08.15"]
[EventType "swiss"]
[EventRounds "9"]
[EventCountry "ESP"]
[Source "lmi"]
[SourceDate "2011.08.15"]

1. e4 e6 2. d4 d5 3. Nd2 dxe4 4. Nxe4 Nd7 5. Bd3 Ngf6 6. Nf3 Nxe4 7. Bxe4 Nf6
8. Bd3 c5 9. O-O cxd4 10. Nxd4 Be7 11. Bg5 O-O 12. Re1 h6 13. Bh4 b6 14. Nc6
Qc7 15. Nxe7+ Qxe7 16. Be4 Rb8 17. Bg3 Nxe4 18. Bxb8 Bb7 19. Rxe4 Rxb8 20. Rd4
Qg5 21. Qg4 Qb5 22. b3 Rc8 23. c4 Qa5 24. Qe2 h5 25. Rad1 Qg5 26. f3 Rc5 27.
Rd8+ Kh7 28. R8d7 Bc6 29. Rxf7 Re5 30. Qd3+ Kg8 31. Rc7 Be8 32. Rc8 Kf7 33. f4
1-0

[Event "45. Open de Mislata 2011 - Grupo B"]
[Site "Mislata ESP"]
[Date "2011.08.18"]
[Round "6.2"]
[White "Navarro Diaz, Carles"]
[Black "Fernandez Soriano, Ruben"]
[Result "1/2-1/2"]
[WhiteElo "2089"]
[BlackElo "2088"]
[PlyCount "138"]
[EventDate "2011.08.15"]
[EventType "swiss"]
[EventRounds "9"]
[EventCountry "ESP"]
[Source "lmi"]
[SourceDate "2011.08.15"]

1. d4 Nf6 2. c4 e6 3. g3 Bb4+ 4. Nd2 c5 5. Ngf3 Nc6 6. a3 Bxd2+ 7. Qxd2 cxd4 8.
Nxd4 d5 9. Bg2 Qb6 10. Nf3 dxc4 11. O-O O-O 12. Qc2 Na5 13. Be3 Qb3 14. Qd2 Nc6
15. Rac1 Rd8 16. Qc2 Nd5 17. Bc5 Qxc2 18. Rxc2 b5 19. Rd1 Bb7 20. Rcd2 a6 21.
Ng5 Nf6 22. Bd4 h6 23. Bxf6 Rxd2 24. Rxd2 gxf6 25. Nxf7 Kxf7 26. Rd7+ Ne7 27.
Bxb7 Ra7 28. Bc8 Ra8 29. Bb7 Ra7 30. Bc6 Rxd7 31. Bxd7 Nd5 32. e4 Nb6 33. Bc6
Na4 34. Kf1 Nxb2 35. Ke2 c3 36. f4 e5 37. f5 Ke7 38. g4 Kd6 39. Bd5 a5 40. h4
Na4 41. Kd3 Nb6 42. Be6 b4 43. axb4 axb4 44. Bb3 Nd7 45. Kc4 Nc5 46. Bc2 b3 47.
Bxb3 Nxe4 48. Bc2 Nf2 49. Kxc3 Nxg4 50. Kd3 Kc5 51. Ba4 Nf2+ 52. Ke3 Nh3 53.
Bc2 Nf4 54. Be4 Nd5+ 55. Kd3 Kd6 56. Bf3 Ne7 57. Be4 Nc8 58. Kc4 Nb6+ 59. Kb5
Nd7 60. Kc4 Nc5 61. Bg2 e4 62. Kd4 e3 63. Bf1 Nd7 64. Ba6 Nb6 65. Kxe3 Ke5 66.
Kf3 h5 67. Bb5 Nc8 68. Be8 Ne7 69. Bxh5 Nxf5 1/2-1/2

[Event "45. Open de Mislata 2011 - Grupo B"]
[Site "Mislata ESP"]
[Date "2011.08.18"]
[Round "6.3"]
[White "Mingarro Carceller, Sergi"]
[Black "Sos Andreu, Erik"]
[Result "1-0"]
[WhiteElo "2069"]
[BlackElo "2025"]
[PlyCount "67"]
[EventDate "2011.08.15"]
[EventType "swiss"]
[EventRounds "9"]
[EventCountry "ESP"]
[Source "lmi"]
[SourceDate "2011.08.15"]

1. e4 c5 2. Nf3 d6 3. d4 cxd4 4. Qxd4 a6 5. Bc4 Nc6 6. Qd3 e6 7. Nc3 Be7 8. Bf4
Qc7 9. Bb3 Nf6 10. O-O-O Ng4 11. Bxd6 Bxd6 12. Qxd6 Qxd6 13. Rxd6 Nxf2 14. Rf1
Ng4 15. h3 Nge5 16. Nxe5 Nxe5 17. Na4 Ke7 18. Rfd1 Nd7 19. c4 Rb8 20. c5 h6 21.
Bc2 h5 22. b4 b5 23. cxb6 Ne5 24. Nc5 Bb7 25. Rd7+ Nxd7 26. Rxd7+ Kf6 27. Rxb7
Rxb7 28. Nxb7 Rb8 29. Nc5 Kg5 30. b7 Kf4 31. Bd1 e5 32. Kd2 g6 33. a4 f5 34. b5
1-0

[Event "45. Open de Mislata 2011 - Grupo B"]
[Site "Mislata ESP"]
[Date "2011.08.18"]
[Round "6.4"]
[White "Machin Arbelo, Pedro Alexis"]
[Black "Gomez Benitez, David"]
[Result "0-1"]
[WhiteElo "2006"]
[BlackElo "2088"]
[PlyCount "60"]
[EventDate "2011.08.15"]
[EventType "swiss"]
[EventRounds "9"]
[EventCountry "ESP"]
[Source "lmi"]
[SourceDate "2011.08.15"]

1. e4 d5 2. exd5 Qxd5 3. Nf3 Nf6 4. Be2 g6 5. c4 Qd8 6. d4 Bg7 7. Nc3 c6 8. h3
O-O 9. Be3 Bf5 10. g4 Be4 11. g5 Bxf3 12. Bxf3 Nfd7 13. h4 Nb6 14. Qd3 Qc7 15.
h5 N8d7 16. hxg6 hxg6 17. Be4 Rfe8 18. O-O-O Rad8 19. Bxg6 fxg6 20. Qxg6 Nf8
21. Rh8+ Kxh8 22. Qf7 Qh2 23. Ne4 Nh7 24. Ng3 Rf8 25. Qg6 Nxc4 26. Rh1 Qxh1+
27. Nxh1 Nxe3 28. Ng3 Rxf2 29. Qe4 Bxd4 30. Qxe7 Bxb2+ 0-1

[Event "45. Open de Mislata 2011 - Grupo B"]
[Site "Mislata ESP"]
[Date "2011.08.18"]
[Round "6.5"]
[White "Benedito Salavert, Jaime"]
[Black "Aparisi Arnandis, Bernardo"]
[Result "0-1"]
[WhiteElo "1996"]
[BlackElo "2040"]
[PlyCount "56"]
[EventDate "2011.08.15"]
[EventType "swiss"]
[EventRounds "9"]
[EventCountry "ESP"]
[Source "lmi"]
[SourceDate "2011.08.15"]

1. d4 d5 2. Nf3 Nf6 3. c4 c6 4. Nc3 e6 5. Bg5 Nbd7 6. e3 Qa5 7. Bxf6 Nxf6 8.
Nd2 Qd8 9. Bd3 a6 10. c5 g6 11. O-O Nd7 12. f4 b6 13. b4 b5 14. a4 Rb8 15. axb5
axb5 16. Ra7 Bg7 17. Nb3 Bb7 18. Na5 Ba8 19. Nxc6 Bxc6 20. Bxb5 Rxb5 21. Nxb5
Bxb5 22. Rf2 Qc8 23. Qa1 O-O 24. Qa5 Qc6 25. Ra2 Rc8 26. Ra8 Nb8 27. Qa7 Qe8
28. Rc2 Bc6 0-1

[Event "45. Open de Mislata 2011 - Grupo B"]
[Site "Mislata ESP"]
[Date "2011.08.18"]
[Round "6.6"]
[White "Morant Amezaga, Elies"]
[Black "Zaragoza Montesinos, Ignasi"]
[Result "1-0"]
[WhiteElo "1994"]
[BlackElo "2033"]
[PlyCount "85"]
[EventDate "2011.08.15"]
[EventType "swiss"]
[EventRounds "9"]
[EventCountry "ESP"]
[Source "lmi"]
[SourceDate "2011.08.15"]

1. d4 d5 2. c4 Bf5 3. Nc3 e6 4. cxd5 exd5 5. Nf3 h6 6. Qb3 Nc6 7. a3 Nf6 8. e3
Rb8 9. Qd1 Bd6 10. Bd3 Bxd3 11. Qxd3 O-O 12. O-O Re8 13. b4 Bf8 14. Bd2 Ne4 15.
Na2 Ne7 16. a4 Nc8 17. Ne5 Bd6 18. Bc3 Nb6 19. Nc1 Nxc3 20. Qxc3 Bxe5 21. dxe5
Nc4 22. Nd3 Qe7 23. Qd4 Nd2 24. f4 Nxf1 25. Rxf1 b6 26. b5 Qa3 27. Ra1 Qb3 28.
Nb4 Qc4 29. Nc6 Qxd4 30. exd4 Ra8 31. Nb4 Red8 32. Rc1 Rd7 33. Rc6 Kf8 34. f5
Rc8 35. g4 Ke7 36. Kf2 Rg8 37. Kf3 Kd8 38. h4 Rf8 39. Kf4 Ke7 40. e6 fxe6 41.
Rxe6+ Kd8 42. Ke5 Re7 43. Nc6+ 1-0

[Event "45. Open de Mislata 2011 - Grupo B"]
[Site "Mislata ESP"]
[Date "2011.08.18"]
[Round "6.7"]
[White "Borissov, Julian"]
[Black "Folch Zaragoza, Jose"]
[Result "1-0"]
[WhiteElo "2011"]
[BlackElo "1954"]
[PlyCount "71"]
[EventDate "2011.08.15"]
[EventType "swiss"]
[EventRounds "9"]
[EventCountry "ESP"]
[Source "lmi"]
[SourceDate "2011.08.15"]

1. e4 e5 2. Nf3 Nc6 3. Bb5 a6 4. Ba4 Nf6 5. Qe2 b5 6. Bb3 Na5 7. Nxe5 Nxb3 8.
axb3 Qe7 9. Nf3 Nxe4 10. O-O Ng5 11. Qd1 Bb7 12. Re1 Ne6 13. d4 Qd6 14. c4 Be7
15. Nc3 Bxf3 16. Qxf3 O-O 17. d5 Nd4 18. Qd1 Bf6 19. Ne4 Qe5 20. Bd2 Qf5 21.
Bc3 c5 22. dxc6 Nxc6 23. Nxf6+ gxf6 24. Qd6 Rfe8 25. Bxf6 bxc4 26. bxc4 a5 27.
h3 h5 28. Rxe8+ Rxe8 29. Ra3 h4 30. Bxh4 Re1+ 31. Kh2 Qb1 32. Rg3+ Kh7 33. Rg5
Qd1 34. Qf8 Rh1+ 35. Kg3 Qd3+ 36. f3 1-0

[Event "45. Open de Mislata 2011 - Grupo B"]
[Site "Mislata ESP"]
[Date "2011.08.18"]
[Round "6.8"]
[White "Llamazares Lopez, Marcos"]
[Black "Olaru, Daniel"]
[Result "1-0"]
[WhiteElo "1969"]
[BlackElo "2089"]
[PlyCount "121"]
[EventDate "2011.08.15"]
[EventType "swiss"]
[EventRounds "9"]
[EventCountry "ESP"]
[Source "lmi"]
[SourceDate "2011.08.15"]

1. e4 g6 2. d4 Bg7 3. Nc3 d6 4. f4 a6 5. Nf3 Nd7 6. Be3 b5 7. Bd3 c5 8. e5 cxd4
9. Bxd4 dxe5 10. fxe5 Nb6 11. Be4 Rb8 12. e6 f6 13. Bc6+ Kf8 14. Be5 Qxd1+ 15.
Rxd1 Bb7 16. Bxb8 Bxc6 17. Rd8+ Be8 18. Ba7 Nc4 19. Nd5 f5 20. Bc5 Bxb2 21.
Bxe7+ Nxe7 22. Nc7 Nc6 23. Rxe8+ Kg7 24. O-O Rxe8 25. Nxe8+ Kf8 26. Nc7 Ke7 27.
Nxa6 Kxe6 28. Nc7+ Kf6 29. Nxb5 Nb4 30. a4 Nxc2 31. Rf2 Nb4 32. a5 Bc1 33. a6
Nxa6 34. Rc2 Be3+ 35. Kf1 Ne5 36. Ke2 Bc5 37. Nxe5 Kxe5 38. Nc7 Nxc7 39. Rxc5+
Kd6 40. Ra5 Nd5 41. Ra7 Nf6 42. Kf3 Ke5 43. Ra5+ Nd5 44. Ra8 g5 45. Ra7 h6 46.
Rh7 Nf6 47. Rxh6 g4+ 48. Ke2 f4 49. Rh8 Ke4 50. h4 gxh3 51. gxh3 Kf5 52. Kf3
Kg5 53. h4+ Kf5 54. Ra8 Nd7 55. Ra5+ Ne5+ 56. Kg2 Ke4 57. h5 Ng4 58. Kh3 Ne3
59. h6 f3 60. h7 f2 61. Ra1 1-0

[Event "45. Open de Mislata 2011 - Grupo B"]
[Site "Mislata ESP"]
[Date "2011.08.18"]
[Round "6.9"]
[White "Moreno, Ibanez Miguel"]
[Black "Miquel Badenes, Indalecio"]
[Result "1-0"]
[WhiteElo "2022"]
[BlackElo "1940"]
[PlyCount "77"]
[EventDate "2011.08.15"]
[EventType "swiss"]
[EventRounds "9"]
[EventCountry "ESP"]
[Source "lmi"]
[SourceDate "2011.08.15"]

1. e4 c5 2. Nf3 Nc6 3. Bb5 e6 4. O-O Qc7 5. Re1 a6 6. Bf1 b5 7. c3 Nf6 8. d4
cxd4 9. cxd4 Bb4 10. Nbd2 O-O 11. a3 Be7 12. Bd3 Bb7 13. Nf1 d6 14. Ng3 Rfd8
15. b3 Rac8 16. Bb2 Qb8 17. Qe2 Na5 18. Nd2 Qa7 19. Rad1 Nc6 20. Nf3 Na5 21.
Bc2 Rd7 22. Qd2 Rdc7 23. Bb1 Qb6 24. Qd3 g6 25. Nd2 Nc6 26. h3 a5 27. e5 dxe5
28. dxe5 Rd8 29. exf6 Rxd3 30. fxe7 Nxe7 31. Bxd3 Rd7 32. Nde4 Nd5 33. Bb1 Kf8
34. Bd4 Qd8 35. Nc5 Rc7 36. Nge4 Qe7 37. Nxb7 Qh4 38. Nbc5 Nf4 39. Bf6 1-0

[Event "45. Open de Mislata 2011 - Grupo B"]
[Site "Mislata ESP"]
[Date "2011.08.18"]
[Round "6.10"]
[White "Garcia Martinez, Cesar"]
[Black "Nieves Cabanes, Jose Manuel"]
[Result "1-0"]
[WhiteElo "2005"]
[BlackElo "1722"]
[PlyCount "83"]
[EventDate "2011.08.15"]
[EventType "swiss"]
[EventRounds "9"]
[EventCountry "ESP"]
[Source "lmi"]
[SourceDate "2011.08.15"]

1. e4 c5 2. Nf3 Nc6 3. Nc3 g6 4. Be2 Bg7 5. O-O d6 6. a4 Bd7 7. h3 a6 8. Re1 e6
9. Bc4 Nge7 10. Ne2 O-O 11. c3 d5 12. exd5 exd5 13. Bb3 Na5 14. Bc2 Bf5 15. d3
Nac6 16. Ng3 Be6 17. Bf4 h6 18. Qd2 Kh7 19. Re2 d4 20. Ne4 Qb6 21. Bd6 Qxb2 22.
Rb1 dxc3 23. Rxb2 cxd2 24. Rxb7 Nf5 25. Bxf8 Rxf8 26. Rxd2 c4 27. Nc5 cxd3 28.
Nxe6 fxe6 29. Rxd3 Rc8 30. Rdd7 Nd8 31. Rbc7 Rxc7 32. Rxc7 Kg8 33. g4 Nd6 34.
Bxg6 Kf8 35. Ra7 e5 36. Rxa6 N6b7 37. Nh4 Nc5 38. Ra8 Bf6 39. Nf5 e4 40. a5 Na4
41. a6 Nb6 42. Rb8 1-0

[Event "45. Open de Mislata 2011 - Grupo B"]
[Site "Mislata ESP"]
[Date "2011.08.19"]
[Round "7.1"]
[White "Fernandez Soriano, Ruben"]
[Black "Segarra Martinez, Axel"]
[Result "0-1"]
[WhiteElo "2088"]
[BlackElo "2081"]
[PlyCount "164"]
[EventDate "2011.08.15"]
[EventType "swiss"]
[EventRounds "9"]
[EventCountry "ESP"]
[Source "lmi"]
[SourceDate "2011.08.15"]

1. Nf3 Nf6 2. d4 e6 3. Bg5 c5 4. c3 Qb6 5. Qb3 d5 6. Nbd2 Nc6 7. Qxb6 axb6 8.
e3 Be7 9. a3 c4 10. Be2 h6 11. Bxf6 gxf6 12. e4 dxe4 13. Nxe4 f5 14. Ned2 b5
15. O-O O-O 16. a4 bxa4 17. Bxc4 Ra5 18. b4 axb3 19. Nxb3 Rxa1 20. Rxa1 Bd6 21.
Bb5 Bd7 22. c4 Rc8 23. c5 Be7 24. Kf1 Kf8 25. Ke2 Ke8 26. Ke3 Bf6 27. Bxc6 Bxc6
28. Ra7 Bd5 29. Na5 Rb8 30. Ne5 Bxe5 31. dxe5 b6 32. cxb6 Rxb6 33. g3 Rb4 34.
Rc7 Rb5 35. Nc6 Rc5 36. Rc8+ Kd7 37. Rf8 Kxc6 38. Rxf7 Rc4 39. Rh7 Re4+ 40. Kd2
Rxe5 41. Rxh6 Bf3 42. h3 Kd5 43. g4 fxg4 44. hxg4 Bxg4 45. Rh2 Re2+ 46. Kd3 Ra2
47. Ke3 e5 48. Rh4 Re2+ 49. Kd3 Re4 50. Rh8 Ra4 51. Rd8+ Ke6 52. Rf8 Bf5+ 53.
Ke3 Re4+ 54. Kf3 Bg6 55. Kg3 Ke7 56. Rb8 Kf6 57. Rg8 Kg5 58. Rg7 Ra4 59. Rg8
Ra3+ 60. Kg2 Kf6 61. Rb8 Be4+ 62. Kh2 Bf3 63. Rf8+ Ke6 64. Re8+ Kd5 65. Rd8+
Kc4 66. Rd6 e4 67. Kg3 Be2+ 68. Kf4 Bf3 69. Kg3 Rd3 70. Rf6 Kc3 71. Rb6 Rd1 72.
Kf4 Kd3 73. Kg3 Rg1+ 74. Kf4 Rg4+ 75. Kf5 Ke2 76. Rb2+ Kf1 77. Ra2 Rg2 78. Kf4
Rxf2 79. Ra7 Rd2 80. Rh7 Kf2 81. Rh3 Rd8 82. Rh2+ Bg2 0-1

[Event "45. Open de Mislata 2011 - Grupo B"]
[Site "Mislata ESP"]
[Date "2011.08.19"]
[Round "7.2"]
[White "Gomez Benitez, David"]
[Black "Morant Amezaga, Elies"]
[Result "0-1"]
[WhiteElo "2088"]
[BlackElo "1994"]
[PlyCount "52"]
[EventDate "2011.08.15"]
[EventType "swiss"]
[EventRounds "9"]
[EventCountry "ESP"]
[Source "lmi"]
[SourceDate "2011.08.15"]

1. e4 e5 2. Nf3 Nf6 3. Nc3 Nc6 4. Bb5 Bb4 5. d3 d6 6. O-O O-O 7. Bg5 Bxc3 8.
bxc3 Qe7 9. Re1 Nd8 10. d4 Bg4 11. Rb1 Ne6 12. dxe5 Nxg5 13. exf6 Qxf6 14. Re3
Bxf3 15. gxf3 Nh3+ 16. Kg2 Qh4 17. Qd2 Nf4+ 18. Kh1 Qg5 19. Bf1 Rae8 20. Rb5 c5
21. Qxd6 b6 22. Qd7 Re6 23. Rd3 Nxd3 24. Bxd3 Qc1+ 25. Kg2 Rg6+ 26. Kh3 Qh6#
0-1

[Event "45. Open de Mislata 2011 - Grupo B"]
[Site "Mislata ESP"]
[Date "2011.08.19"]
[Round "7.3"]
[White "Aparisi Arnandis, Bernardo"]
[Black "Mingarro Carceller, Sergi"]
[Result "1/2-1/2"]
[WhiteElo "2040"]
[BlackElo "2069"]
[PlyCount "62"]
[EventDate "2011.08.15"]
[EventType "swiss"]
[EventRounds "9"]
[EventCountry "ESP"]
[Source "lmi"]
[SourceDate "2011.08.15"]

1. c4 f5 2. d4 Nf6 3. Nc3 d6 4. g3 g6 5. Bg2 Bg7 6. Nf3 O-O 7. O-O Nc6 8. Ng5
h6 9. Nh3 e5 10. e3 g5 11. f3 Qe8 12. Nf2 Qf7 13. b3 exd4 14. exd4 Kh8 15. f4
g4 16. Bb2 h5 17. Re1 h4 18. Re3 hxg3 19. hxg3 Bd7 20. Qd2 Rae8 21. Rae1 a6 22.
Rxe8 Rxe8 23. Rxe8+ Qxe8 24. d5 Nd8 25. Qe2 b5 26. Qxe8+ Nxe8 27. Bf1 b4 28.
Ncd1 Nb7 29. Nd3 a5 30. Kf2 Nf6 31. Bg2 Nh5 1/2-1/2

[Event "45. Open de Mislata 2011 - Grupo B"]
[Site "Mislata ESP"]
[Date "2011.08.19"]
[Round "7.4"]
[White "Remolar Gallen, Jose"]
[Black "Borissov, Julian"]
[Result "1/2-1/2"]
[WhiteElo "2068"]
[BlackElo "2011"]
[PlyCount "121"]
[EventDate "2011.08.15"]
[EventType "swiss"]
[EventRounds "9"]
[EventCountry "ESP"]
[Source "lmi"]
[SourceDate "2011.08.15"]

1. d4 Nf6 2. e3 g6 3. Bd3 Bg7 4. Nf3 O-O 5. O-O d6 6. c3 Nbd7 7. Re1 c5 8. e4
e5 9. dxc5 dxc5 10. a4 Qc7 11. Bg5 b6 12. Na3 a6 13. Bxf6 Nxf6 14. Nc4 Re8 15.
Qb3 Rb8 16. Ne3 Bb7 17. Nd2 Rbd8 18. c4 Bh6 19. Rad1 Bxe3 20. Rxe3 Nh5 21. Nb1
Nf4 22. Nc3 Ne6 23. Nd5 Bxd5 24. cxd5 Nd4 25. Qc3 b5 26. Rc1 Rc8 27. Ree1 Qb6
28. axb5 axb5 29. Be2 c4 30. Qg3 Ra8 31. Bd1 Qa5 32. Kf1 Qa6 33. b3 cxb3 34.
Bxb3 Qd6 35. Rb1 b4 36. Red1 Ra6 37. Qe3 Ra3 38. g3 Nb5 39. Rb2 Rc8 40. Rdb1
Nc3 41. Rc1 Qa6+ 42. Kg2 Ra1 43. Rbc2 Rxc1 44. Qxc1 Kg7 45. Qg5 f6 46. Qg4 Rc7
47. Qe6 Qxe6 48. dxe6 Kf8 49. Kf3 Ke7 50. Ke3 Nd1+ 51. Ke2 Rxc2+ 52. Bxc2 Nc3+
53. Kd3 Kxe6 54. Kc4 f5 55. f3 Ne2 56. Kxb4 Nd4 57. Bd1 f4 58. Kc5 g5 59. gxf4
gxf4 60. Kc4 Kd6 61. Kb4 1/2-1/2

[Event "45. Open de Mislata 2011 - Grupo B"]
[Site "Mislata ESP"]
[Date "2011.08.19"]
[Round "7.5"]
[White "Leon Colan, Carlos Edmundo"]
[Black "Navarro Diaz, Carles"]
[Result "1-0"]
[WhiteElo "1981"]
[BlackElo "2089"]
[PlyCount "93"]
[EventDate "2011.08.15"]
[EventType "swiss"]
[EventRounds "9"]
[EventCountry "ESP"]
[Source "lmi"]
[SourceDate "2011.08.15"]

1. d4 Nf6 2. e3 d6 3. Bd3 g6 4. Ne2 Bg7 5. O-O O-O 6. e4 c5 7. c3 Nc6 8. h3 Qb6
9. d5 Ne5 10. Bc2 Nfd7 11. Na3 c4 12. Kh1 Qa6 13. Nd4 Nc5 14. b4 cxb3 15. axb3
Ned3 16. Be3 Bxd4 17. cxd4 Nb2 18. Qd2 Nd7 19. Qc3 Qe2 20. Qxb2 f5 21. Rae1 Qh5
22. f4 Nf6 23. Bd1 Qh6 24. e5 Nxd5 25. exd6 exd6 26. Nc4 Rd8 27. Bf3 Be6 28.
Bd2 Bf7 29. Qa3 Qf8 30. Ne3 Nxf4 31. Nxf5 g5 32. Ne7+ Kh8 33. Bxf4 gxf4 34. d5
Qg7 35. Qa1 Rd7 36. Qxg7+ Kxg7 37. Nf5+ Kf6 38. Nd4 a5 39. Ne6 b5 40. Re4 Bxe6
41. Rxe6+ Kg7 42. Be2 Rb8 43. Rxf4 Rb6 44. Bd3 Ra7 45. Re3 Kh8 46. Rg3 Rb8 47.
Bxb5 1-0

[Event "45. Open de Mislata 2011 - Grupo B"]
[Site "Mislata ESP"]
[Date "2011.08.19"]
[Round "7.6"]
[White "Sos Andreu, Erik"]
[Black "Sanchez Dengra, Barbara"]
[Result "1-0"]
[WhiteElo "2025"]
[BlackElo "1862"]
[PlyCount "73"]
[EventDate "2011.08.15"]
[EventType "swiss"]
[EventRounds "9"]
[EventCountry "ESP"]
[Source "lmi"]
[SourceDate "2011.08.15"]

1. d4 d5 2. c4 c6 3. Nf3 Nf6 4. e3 Bg4 5. Nbd2 Nbd7 6. Qc2 e6 7. b3 Bd6 8. Bb2
O-O 9. Bd3 Re8 10. Ne5 Bh5 11. O-O Qc7 12. f4 Nf8 13. c5 Bxe5 14. fxe5 N6d7 15.
Nf3 Bg6 16. b4 Bxd3 17. Qxd3 Ng6 18. Bc3 f6 19. exf6 Nxf6 20. Ng5 Ng4 21. Rf4
Nh6 22. Rf3 Qe7 23. Nh3 e5 24. Rff1 e4 25. Qe2 Rf8 26. b5 Nf7 27. a4 Ng5 28.
Qg4 Nxh3+ 29. Qxh3 Qh4 30. Qxh4 Nxh4 31. Rfb1 Rab8 32. a5 a6 33. bxa6 bxa6 34.
Rb6 Rxb6 35. axb6 Nf5 36. Rf1 g6 37. g4 1-0

[Event "45. Open de Mislata 2011 - Grupo B"]
[Site "Mislata ESP"]
[Date "2011.08.19"]
[Round "7.7"]
[White "Llamazares Lopez, Marcos"]
[Black "Moreno, Ibanez Miguel"]
[Result "0-1"]
[WhiteElo "1969"]
[BlackElo "2022"]
[PlyCount "80"]
[EventDate "2011.08.15"]
[EventType "swiss"]
[EventRounds "9"]
[EventCountry "ESP"]
[Source "lmi"]
[SourceDate "2011.08.15"]

1. Nf3 g6 2. e4 Bg7 3. d4 d6 4. Bc4 e6 5. O-O Ne7 6. Bg5 h6 7. Bh4 a6 8. Nc3 b5
9. Bd3 Nd7 10. Ne2 Bb7 11. c3 O-O 12. a4 bxa4 13. Rxa4 Nb6 14. Ra2 g5 15. Nxg5
hxg5 16. Bxg5 f6 17. Be3 d5 18. e5 fxe5 19. dxe5 d4 20. Nxd4 Qd5 21. Qg4 Nf5
22. Raa1 c5 23. Nxf5 exf5 24. Qg6 Qxd3 25. Bh6 Rf7 26. e6 Re7 27. Bg5 Qd6 28.
Rfe1 Rae8 29. Rad1 Qxd1 30. Rxd1 Rxe6 31. Qxe8+ Rxe8 32. h4 Nd5 33. h5 Bf6 34.
f4 Re2 35. Bxf6 Nxf6 36. Rd8+ Kf7 37. Rb8 Be4 38. h6 Rxg2+ 39. Kf1 Rh2 40. Rb6
Rxh6 0-1

[Event "45. Open de Mislata 2011 - Grupo B"]
[Site "Mislata ESP"]
[Date "2011.08.19"]
[Round "7.8"]
[White "Moya Sapena, Juan"]
[Black "Garcia Martinez, Cesar"]
[Result "1-0"]
[WhiteElo "1936"]
[BlackElo "2005"]
[PlyCount "111"]
[EventDate "2011.08.15"]
[EventType "swiss"]
[EventRounds "9"]
[EventCountry "ESP"]
[Source "lmi"]
[SourceDate "2011.08.15"]

1. d4 d6 2. Bf4 Nd7 3. Nf3 c5 4. e3 Qc7 5. c3 Ngf6 6. Be2 e5 7. Bg5 Be7 8. Na3
O-O 9. O-O Re8 10. Nd2 a6 11. f4 exd4 12. cxd4 cxd4 13. Rc1 Qb6 14. Ndc4 Qa7
15. Qxd4 Qxd4 16. exd4 b5 17. Bf3 Ra7 18. Na5 Nb8 19. Rfe1 Kf8 20. Bxf6 gxf6
21. Nc2 Bd8 22. Rxe8+ Kxe8 23. Nc6 Nxc6 24. Bxc6+ Kf8 25. Re1 Re7 26. Rxe7 Kxe7
27. Kf1 Bb6 28. Be4 f5 29. Bf3 a5 30. b4 Bd7 31. a3 f6 32. Ke2 Be8 33. Ne3 Bf7
34. Kd3 Be6 35. Bc6 axb4 36. axb4 h5 37. Bxb5 d5 38. h4 Kd6 39. Be8 Bc8 40.
Bxh5 Bd8 41. Bg6 Kc6 42. Bxf5 Ba6+ 43. Kc3 Be7 44. Be6 Be2 45. Bxd5+ Kb5 46.
Bc4+ Bxc4 47. Nxc4 Bxb4+ 48. Kd3 Bf8 49. Ne3 Kc6 50. Nf5 Kd5 51. h5 Ke6 52. Ke4
Kf7 53. h6 Kg6 54. g4 Bb4 55. d5 Bd2 56. d6 1-0

[Event "45. Open de Mislata 2011 - Grupo B"]
[Site "Mislata ESP"]
[Date "2011.08.19"]
[Round "7.9"]
[White "Martinez Ramon, Senen"]
[Black "Pino Fernandez, David"]
[Result "1-0"]
[WhiteElo "2049"]
[BlackElo "1769"]
[PlyCount "93"]
[EventDate "2011.08.15"]
[EventType "swiss"]
[EventRounds "9"]
[EventCountry "ESP"]
[Source "lmi"]
[SourceDate "2011.08.15"]

1. c4 c5 2. g3 Nc6 3. Bg2 g6 4. Nc3 Bg7 5. Nf3 Nf6 6. O-O O-O 7. d3 d6 8. Rb1
Rb8 9. a3 a6 10. b4 cxb4 11. axb4 b5 12. Nd2 Bd7 13. cxb5 axb5 14. Nce4 Nxe4
15. Nxe4 f5 16. Ng5 h6 17. Qb3+ Kh8 18. Nf7+ Rxf7 19. Qxf7 Ne5 20. Qb3 Bc6 21.
Bxc6 Nxc6 22. Bb2 Nd4 23. Bxd4 Bxd4 24. Qf7 Qe8 25. Qxe8+ Rxe8 26. e3 Bf6 27.
Rfc1 Rb8 28. Rc7 Kg8 29. Rbc1 Kf7 30. Ra7 Ke6 31. Rcc7 Kd5 32. Rcb7 Rxb7 33.
Rxb7 Kc6 34. Rb8 g5 35. Rc8+ Kd7 36. Rc2 h5 37. Kg2 h4 38. gxh4 gxh4 39. h3 f4
40. exf4 Ke6 41. Kf3 Kd5 42. Ke2 Ke6 43. Ke3 Kd7 44. f5 Ba1 45. d4 e5 46. fxe6+
Kxe6 47. Ke4 1-0

[Event "45. Open de Mislata 2011 - Grupo B"]
[Site "Mislata ESP"]
[Date "2011.08.19"]
[Round "7.10"]
[White "Ramon Gualberto, Arturo"]
[Black "Zaragoza Montesinos, Ignasi"]
[Result "1/2-1/2"]
[WhiteElo "1907"]
[BlackElo "2033"]
[PlyCount "112"]
[EventDate "2011.08.15"]
[EventType "swiss"]
[EventRounds "9"]
[EventCountry "ESP"]
[Source "lmi"]
[SourceDate "2011.08.15"]

1. e4 Nf6 2. e5 Nd5 3. d4 d6 4. c4 Nb6 5. exd6 exd6 6. Nc3 Be7 7. Be3 Bf5 8.
Nf3 Bf6 9. Bd3 Bxd3 10. Qxd3 O-O 11. O-O Nc6 12. Ne4 d5 13. Nxf6+ Qxf6 14. c5
Nc4 15. Bc1 b6 16. b3 N4a5 17. Bd2 Rfe8 18. Bxa5 Nxa5 19. cxb6 cxb6 20. Ne5
Rac8 21. Rac1 Nc6 22. Nxc6 Rxc6 23. Qb5 Rec8 24. Rce1 g6 25. Qxd5 Rd8 26. Qe5
Rxd4 27. Qe8+ Kg7 28. Re7 Rc2 29. Rxa7 Rxf2 30. Qe1 Rxf1+ 31. Qxf1 Rf4 32. Qd1
b5 33. Rd7 Qb6+ 34. Kh1 Qf2 35. Qa1+ Kh6 36. Rd1 b4 37. h3 Re4 38. Rf1 Qg3 39.
Qc1+ Kg7 40. Qb2+ Kh6 41. Qd2+ g5 42. Qb2 Rf4 43. Rxf4 Qxf4 44. a4 Kh5 45. Qa1
Qd2 46. a5 Qc3 47. Qd1+ Kg6 48. a6 Qf6 49. Qd3+ Kg7 50. Qb5 h5 51. Qa4 Qf1+ 52.
Kh2 Qf4+ 53. Kg1 Qe3+ 54. Kf1 Qc1+ 55. Ke2 Qc2+ 56. Ke3 Qc5+ 1/2-1/2